<?xml version="1.0" encoding="UTF-8"?>
<record
    xmlns:xsi="http://www.w3.org/2001/XMLSchema-instance"
    xsi:schemaLocation="http://www.loc.gov/MARC21/slim http://www.loc.gov/standards/marcxml/schema/MARC21slim.xsd"
    xmlns="http://www.loc.gov/MARC21/slim">

  <leader>00829    a2200217   4500</leader>
  <controlfield tag="003">NALT</controlfield>
  <controlfield tag="005">20220606153508.0</controlfield>
  <controlfield tag="008">220606b        th ||||| |||| 00| 0 tha d</controlfield>
  <datafield tag="020" ind1=" " ind2=" ">
    <subfield code="a">9749488164</subfield>
  </datafield>
  <datafield tag="040" ind1=" " ind2=" ">
    <subfield code="a">NALT</subfield>
  </datafield>
  <datafield tag="050" ind1=" " ind2=" ">
    <subfield code="a">PL 1121</subfield>
    <subfield code="b">&#xE08;293&#xE20; 2549</subfield>
  </datafield>
  <datafield tag="100" ind1="1" ind2=" ">
    <subfield code="9">58192</subfield>
    <subfield code="a">&#xE08;&#xE32;&#xE07;, &#xE08;&#xE34;&#xE49;&#xE07;</subfield>
  </datafield>
  <datafield tag="245" ind1="1" ind2="0">
    <subfield code="a">&#xE20;&#xE32;&#xE29;&#xE32;&#xE08;&#xE35;&#xE19;&#xE27;&#xE31;&#xE19;&#xE25;&#xE30;&#xE04;&#xE33;&#xE08;&#xE33;&#xE02;&#xE36;&#xE49;&#xE19;&#xE43;&#xE08; /</subfield>
    <subfield code="c">&#xE08;&#xE32;&#xE07; &#xE08;&#xE34;&#xE49;&#xE07;.</subfield>
  </datafield>
  <datafield tag="260" ind1=" " ind2=" ">
    <subfield code="a">&#xE01;&#xE23;&#xE38;&#xE07;&#xE40;&#xE17;&#xE1E;&#xE2F; :</subfield>
    <subfield code="b">&#xE40;&#xE19;&#xE0A;&#xE31;&#xE48;&#xE19;&#xE21;&#xE31;&#xE25;&#xE15;&#xE34;&#xE21;&#xE35;&#xE40;&#xE14;&#xE35;&#xE22; &#xE01;&#xE23;&#xE38;&#xE4A;&#xE1B;,</subfield>
    <subfield code="c">2549.</subfield>
  </datafield>
  <datafield tag="300" ind1=" " ind2=" ">
    <subfield code="a">160 &#xE2B;&#xE19;&#xE49;&#xE32; :</subfield>
    <subfield code="b">&#xE20;&#xE32;&#xE1E;&#xE1B;&#xE23;&#xE30;&#xE01;&#xE2D;&#xE1A; ;</subfield>
    <subfield code="c">21 &#xE0B;&#xE21;.</subfield>
  </datafield>
  <datafield tag="650" ind1=" " ind2="4">
    <subfield code="9">23691</subfield>
    <subfield code="a">&#xE20;&#xE32;&#xE29;&#xE32;&#xE08;&#xE35;&#xE19;</subfield>
    <subfield code="x">&#xE01;&#xE32;&#xE23;&#xE43;&#xE0A;&#xE49;&#xE20;&#xE32;&#xE29;&#xE32;</subfield>
  </datafield>
  <datafield tag="650" ind1=" " ind2="4">
    <subfield code="9">24245</subfield>
    <subfield code="a">&#xE20;&#xE32;&#xE29;&#xE32;&#xE08;&#xE35;&#xE19;</subfield>
    <subfield code="x">&#xE01;&#xE32;&#xE23;&#xE2D;&#xE2D;&#xE01;&#xE40;&#xE2A;&#xE35;&#xE22;&#xE07;</subfield>
  </datafield>
  <datafield tag="850" ind1=" " ind2=" ">
    <subfield code="a">NALT</subfield>
  </datafield>
  <datafield tag="942" ind1=" " ind2=" ">
    <subfield code="2">lcc</subfield>
    <subfield code="c">GB</subfield>
  </datafield>
  <datafield tag="998" ind1=" " ind2=" ">
    <subfield code="a">kornsiririn</subfield>
    <subfield code="h">7560</subfield>
    <subfield code="j">7560</subfield>
    <subfield code="k"> &#xE01;&#xE23;&#xE28;&#xE34;&#xE23;&#xE34;&#xE23;&#xE34;&#xE19;&#xE17;&#xE23;&#xE4C;  &#xE23;&#xE31;&#xE15;&#xE19;&#xE2A;&#xE38;&#xE20;&#xE32;</subfield>
  </datafield>
  <datafield tag="999" ind1=" " ind2=" ">
    <subfield code="c">100328</subfield>
    <subfield code="d">100328</subfield>
  </datafield>
  <datafield tag="952" ind1=" " ind2=" ">
    <subfield code="0">0</subfield>
    <subfield code="1">0</subfield>
    <subfield code="2">lcc</subfield>
    <subfield code="4">0</subfield>
    <subfield code="7">0</subfield>
    <subfield code="8">CSEN</subfield>
    <subfield code="a">NALT</subfield>
    <subfield code="b">NALT</subfield>
    <subfield code="c">GEN</subfield>
    <subfield code="d">2022-06-06</subfield>
    <subfield code="o">PL 1121 &#xE08;293&#xE20; 2549</subfield>
    <subfield code="p">0100001868001</subfield>
    <subfield code="r">2022-09-29 00:00:00</subfield>
    <subfield code="w">2022-06-06</subfield>
    <subfield code="y">GB</subfield>
  </datafield>
</record>
